On This Day: November 18th Quiz Stats

 Plays Quiz Updated Nov 18, 2017

Challenge
Share
Tweet
Embed
Score 0/7 Timer 03:00
1 Play Today
Question Answer Wrong Answers
The new version of this church in Vatican City is consecrated.
1626
St. Peter's Basilica
85.3%
St. Paul's Cathedral
9.2%
St. Basil's Cathedral
3.3%
Basilica of the Sacred Heart
2.1%
In Jonestown, ______, Jim Jones leads his Peoples Temple to a mass murder-suicide, claiming 918 lives in all.
1978
Guyana
79.9%
Panama
7%
Costa Rica
6.3%
Mexico
4.9%
The Battle of Vertières, the last major battle of the ______ Revolution, is fought, eventually leading to the establishment of the first Black republic in the Western Hemisphere.
1803
Haitian
74.3%
Jamaican
14.5%
Bahamian
3.5%
Cuban
7.1%
After over 4 months of fighting, this battle, the largest on the Western Front during WWI, comes to an end.
1916
First Battle of the Somme
69.1%
First Battle of the Marne
15.6%
Battle of Cambrai
3.3%
Second Battle of Ypres
10.8%
Oman declares its independence from this nation.
1971
United Kingdom
59.3%
France
26.8%
Spain
11.2%
United States
1%
The ______ Supreme Judicial Court rules that the state’s ban on same-sex marriage is unconstitutional, ultimately making it the first state to grant marriage rights to same-sex couples.
2003
Massachusetts
49.7%
California
32.2%
Washington
5.8%
New York
10.1%
German leader Adolf Hitler and Italian Foreign Minister Galeazzo Ciano meet to discuss Benito Mussolini's disastrous Italian invasion of ______.
1940
Greece
49%
France
13.2%
Poland
11.7%
Morocco
24.7%

Today's Daily Dose

You're not logged in!

Compare scores with friends on all Sporcle quizzes.
OR
Log In

You Might Also Like...

Show Comments

Extras

Top Quizzes Today


Score Distribution

Your Account Isn't Verified!

In order to create a playlist on Sporcle, you need to verify the email address you used during registration. Go to your Sporcle Settings to finish the process.

Report this User

Report this user for behavior that violates our Community Guidelines.

Details: